La representación de las trabajadoras y de los trabajadores en la empresa.

Shranjeno v:
Bibliografske podrobnosti
Glavni avtor: Collado García, Luis (autor)
Drugi avtorji: Romero Rodenas, María José (autora), Tarancón̤ Pérez, Encarna (autora), Trillo Párraga, Francisco (autor)
Format: Neznan
Jezik:angleščina
Izdano: España: Bomarzo, 2022.
Izdaja:Octava edición.
Serija:Colección de Manuales prácticos.
Teme:
Oznake: Označite
Brez oznak, prvi označite!

MARC

LEADER 00000 a2200000 4500
003 CL-VaPUC
005 20220908164605.0
008 220819t2022 ||||| |||| 00| 0 eng d
999 |c 438384  |d 438382 
020 |a 978-84-18330-90-2 
040 |c Pontificia Universidad Católica de Valparaíso 
082 |2 22  |a 344.460188 COL 2022 
100 |a Collado García, Luis  |9 876307  |e autor 
245 |a La representación de las trabajadoras y de los trabajadores en la empresa.  
250 |a Octava edición.  
260 |a España:   |b Bomarzo,   |c 2022. 
300 |a 369 páginas.  
490 |a Colección de Manuales prácticos. 
583 |k Cristina María Rojas Aguilar  |c 20220819 
650 0 |9 15  |a Derecho laboral  |z España 
650 0 |9 260887  |a Trabajadores  |x Representación legal  |x Empresas  
650 0 |a Sindicatos  |x Empresas  |x Derecho   |z España  |9 255034 
700 |9 876303  |a Romero Rodenas, María José  |e autora 
700 |9 876304  |a Tarancón̤ Pérez, Encarna  |e autora  
700 |9 876306  |a Trillo Párraga, Francisco   |e autor 
942 |c BK  |2 ddc 
952 |0 0  |1 0  |2 ddc  |4 0  |6 344_460188000000000_COL_2022  |7 0  |8 A  |9 586476  |a BIBDER  |b BIBDER  |c GEN  |d 2022-08-29  |e 36  |g 55038.47  |i 5654295  |o 344.460188 COL 2022  |p 5654295  |r 2023-01-25  |t 1  |v 55038.47  |w 2022-08-29  |y BK  |k DER